| Tag |
First Indicator |
Second Indicator |
Subfields |
| LEADER |
00000cam a2200000Ia 4500 |
| 001 |
in00002472513 |
| 005 |
20210727085319.0 |
| 006 |
m d |
| 007 |
cr cn||||||||| |
| 008 |
081017s2006 gw s 101 0 eng d |
| 020 |
|
|
|a 3540334394
|
| 020 |
|
|
|a 9783540334392
|
| 029 |
1 |
|
|a AU@
|b 000042372474
|
| 035 |
|
|
|a (OCoLC)262693054
|
| 035 |
|
|
|a (OCoLC)ocn262693054
|
| 035 |
|
|
|a 3073108
|
| 037 |
|
|
|a 978-3-540-33438-5
|b Springer
|n http://www.springerlink.com
|
| 040 |
|
|
|a GW5XE
|b eng
|c GW5XE
|d UtOrBLW
|
| 049 |
|
|
|a TEFA
|
| 050 |
1 |
4 |
|a QA76.62
|b .F84 2006eb
|
| 082 |
0 |
4 |
|a 005.1/14
|2 22
|
| 111 |
2 |
|
|a Fuji International Symposium on Functional and Logic Programming
|n (8th :
|d 2006 :
|c Fuji-Susono, Japan)
|
| 245 |
1 |
0 |
|a Functional and logic programming :
|b 8th international symposium, FLOPS 2006, Fuji-Susono, Japan, April 24-26, 2006 : proceedings /
|c Masami Hagiya, Philip Wadler (eds.).
|
| 246 |
3 |
0 |
|a FLOPS 2006
|
| 264 |
|
1 |
|a Berlin ;
|a New York :
|b Springer,
|c [2006]
|
| 264 |
|
4 |
|c ©2006
|
| 300 |
|
|
|a x, 293 pages :
|b illustrations ;
|c 24 cm.
|
| 336 |
|
|
|a text
|b txt
|2 rdacontent
|
| 337 |
|
|
|a computer
|b c
|2 rdamedia
|
| 338 |
|
|
|a online resource
|b cr
|2 rdacarrier
|
| 490 |
1 |
|
|a Lecture notes in computer science,
|x 0302-9743 ;
|v 3945
|
| 500 |
|
|
|a Electronic resource.
|
| 504 |
|
|
|a Includes bibliographical references and index.
|
| 533 |
|
|
|a Electronic reproduction.
|b New York :
|c Springer,
|d 2008.
|n Mode of access: World Wide Web.
|n System requirements: Web browser.
|n Title from title screen (viewed on Oct. 10, 2008).
|n Access may be restricted to users at subscribing institutions.
|
| 650 |
|
0 |
|a Functional programming (Computer science)
|v Congresses.
|0 http://id.loc.gov/authorities/subjects/sh2008121322
|
| 650 |
|
0 |
|a Logic programming
|v Congresses.
|0 http://id.loc.gov/authorities/subjects/sh2008107111
|
| 650 |
|
6 |
|a Programmation fonctionnelle
|v Congrès.
|
| 650 |
|
6 |
|a Programmation logique
|v Congrès.
|
| 655 |
|
7 |
|a Electronic books.
|2 local
|
| 700 |
1 |
|
|a Hagiya, Masami,
|d 1957-
|0 http://id.loc.gov/authorities/names/n86147931
|
| 700 |
1 |
|
|a Wadler, Philip,
|d 1956-
|0 http://id.loc.gov/authorities/names/n92021509
|
| 710 |
2 |
|
|a SpringerLink (Online service)
|0 http://id.loc.gov/authorities/names/no2005046756
|
| 776 |
1 |
|
|c Original
|z 3540334386
|z 9783540334385
|w (DLC) 2006923563
|w (OCoLC)68700510
|
| 830 |
|
0 |
|a Lecture notes in computer science.
|x 0302-9743 ;
|v 3945.
|0 http://id.loc.gov/authorities/names/n42015162
|
| 856 |
4 |
0 |
|u http://proxy.library.tamu.edu/login?url=https://dx.doi.org/10.1007/11737414
|z Connect to the full text of this electronic book
|t 0
|
| 994 |
|
|
|a C0
|b TEF
|
| 999 |
|
|
|a MARS
|
| 999 |
f |
f |
|s 7131c9ae-ab17-3cae-b50c-14ea3aafa52b
|i c3ed8798-acab-3968-935e-706a70977805
|t 0
|
| 952 |
f |
f |
|a Texas A&M University
|b College Station
|c Electronic Resources
|d Available Online
|t 0
|e QA76.62 .F84 2006eb
|h Library of Congress classification
|
| 998 |
f |
f |
|a QA76.62 .F84 2006eb
|t 0
|l Available Online
|